| 000 | 00772nam a2200253Ia 4500 | ||
|---|---|---|---|
| 003 | OSt | ||
| 005 | 20220926034009.0 | ||
| 006 | a|||||r|||| 00| 0 | ||
| 007 | ta | ||
| 008 | 220923b |||||||| |||| 00| 0 eng d | ||
| 037 | _cGeneral Book | ||
| 040 |
_aRTL _cRTL _beng |
||
| 041 |
_2eng _aeng |
||
| 082 | _aX:54.46.N7, L0 | ||
| 100 |
_aPreston Lee E. _9237945 |
||
| 245 | 0 | _aTrade patterns in the Middle East | |
| 260 |
_aWashington _bAEIPPR _c1970 |
||
| 300 |
_a96p. Appendix p 73-96 _ccm. |
||
| 500 | _aAmerican Enterprise Institute for Public Policy Research, Middle East research project | ||
| 650 | _a Economics | ||
| 650 | _aInternational Trade | ||
| 942 |
_hX:54.46.N7, L0 _cGB _2CC |
||
| 999 |
_c658510 _d658510 |
||